000 00573cam a2200205u 4500
005 20260322212023.0
008 data
010 _a 16005544
040 _aDLC
_cCarP
_dDLC
050 0 0 _aE99.H7
_bF327
050 0 0 _aE51
_b.U55 21st
092 _a970.62 U55 1962
100 1 _aFewkes, Jesse Walter,
_d1850-1930.
245 1 0 _aHopi katcinas drawn by native artists,
_cJesse Walter Fewkes.
260 _aChicago, Ill.. :
_c1982, 1903
_bRio Grande Press,
300 _a190 p. : col. ill., map ;
_b29 cm.
_c30 cm.
650 0 _aKachinas.
650 0 _aHopi mythology.
001 data
999 _c510
_d510